Visualizzazione normale
Vista MARC
- Costa Franco
di Personal Name
Records bibliografici associati: 1
001 - CONTROL NUMBER
- control field: 61743
003 - CONTROL NUMBER IDENTIFIER
- control field:
005 - DATE AND TIME OF LATEST TRANSACTION
- control field: 20250303145740.0
008 - FIXED-LENGTH DATA ELEMENTS
- fixed length control field: 250303|| aca||aabn | a|a d
040 ## - CATALOGING SOURCE
- Original cataloging agency:
- Transcribing agency:
100 ## - HEADING--PERSONAL NAME
- Personal name: Costa Franco
670 ## - SOURCE DATA FOUND
- Source citation: Work cat.: ()206821: Costa Franco, Insegnamento attuale del Magistero su sessualità e coppia., 1991